000 00707nam a2200241Ia 4500
003 OSt
005 20220925203556.0
006 a|||||r|||| 00| 0
007 ta
008 220923b |||||||| |||| 00| 0 eng d
037 _cGeneral Book
040 _aRTL
_cRTL
_beng
041 _2eng
_aeng
082 _aX:991.58.N8, M8
100 _aAndrle Vladimir
_9266517
245 0 _aWorkers in Stalin's Russia
_bIndustrialization and
260 _aEngland
_bHarvester
_c1988
300 _axii,243p
_ccm.
500 _aBibliography P 233-36
650 _aLabour Market Economics-USSR
_9266518
942 _hX:991.58.N8, M8
_cGB
_2CC
999 _c547001
_d547001